Countries that USED to be High Income Countries - Statistics

General Stats
  • This quiz has been taken 26 times
  • The average score is 4 of 6
Answer Stats
Continent Years Country % Correct
South America 2014 Venezuela
91%
South America 2013, 2015, 2017 Argentina
82%
Oceania 2016-2020 Palau
68%
Europe 2012-2014 Russia
68%
Africa 2019 Mauritius
55%
Africa 2007-2014 Equatorial Guinea
45%
No matching quizzes found
Score Distribution
Percent of People with Each Score
Percentile by Number Answered
Your Score History
You have not taken this quiz